| 000 | 00521 a2200169 4500 | ||
|---|---|---|---|
| 020 | _a 013954934X | ||
| 082 | _a004.21 | ||
| 090 |
_c1426 _d1426 |
||
| 100 | _aKendall, Kenneth E. | ||
| 245 |
_a Systems analysis and design _cKenneth E, Kendall. |
||
| 250 | _a4th ed. | ||
| 260 |
_aUpper Saddle River, N.J. : _bPrentice Hall, _cc1999. |
||
| 300 |
_axxvi, 903, 10 p. : _b ill. ; _c 26 cm. |
||
| 500 | _aIncludes bibliographical references and index | ||
| 650 | _a1.System design.2.System analysis. | ||
| 942 |
_cBK _k004.21 KEN |
||
| 999 |
_c5378 _d5378 |
||